000 00264nam a22001217a 4500
008 180122b xxu||||| |||| 00| 0 eng d
041 _aeng
080 _a316
100 _a53
101 _aSOC
245 _aYOUNG PEOPLE IN SOCEITY
_cEVANS.W.M
942 _2udc
_cBK
999 _c40685
_d40685